000 00598nam a2200229 i 4500
001 bg
100 1 _aBIRKELAND, Peter W.
245 0 _aPutnam's geology /
_cPeter W. Birkeland, Edwin E. Larson.
250 _a5th ed.
260 _aNew York :
_bOxford Univ. Press,
_c1989.
300 _a[4],646 s. :
_bfot., rys. ;
_c25 cm.
504 _aBibliogr. przy rozdz.
650 9 _aGeologia
700 1 _aLARSON, Edwin E.
020 _a0195055179
040 _cBPK
041 0 _aen
080 _a551.1/.4
920 _a0-19-505517-9
942 _cKS
008 s pl f |000 0 pol
999 _c30172
_d30172